[Event "V Festival A"]
[Site "Robecchetto con Induno ITA"]
[Date "1993.12.??"]
[Round "4"]
[White "Gazzarri, Alberto"]
[Black "Cazzaniga, Walter"]
[WhiteElo "1984"]
[BlackElo "2013"]
[Result "0-1"]
[PlyCount "67"]
[EventDate "1993.12.26"]

1. e4 e6 2. d4 d5 3. e5 c5 4. c3 Nc6 5. Nf3 Qb6 6. Be2 cxd4 7. cxd4 Nh6 8. Nc3
Nf5 9. Kf1 Bd7 10. Na4 Qa5 11. Bd2 Qd8 12. Bf4 Rc8 13. g4 Nh4 14. Bg5 Be7 15.
Bxh4 Bxh4 16. Nc5 Be7 17. Rc1 Bxc5 18. Rxc5 f6 19. Rc3 O-O 20. Rg1 fxe5 21.
dxe5 d4 22. Nxd4 Qb6 23. Nf3 Nxe5 24. Rb3 Ba4 25. Rxb6 Bxd1 26. Bxd1 Nxf3 27.
Bxf3 axb6 28. Bxb7 Rc1+ 29. Kg2 Rxg1+ 30. Kxg1 Rd8 31. b4 Rd4 32. a3 Rxg4+ 33.
Kf1 Rc4 34. Ba6 0-1

[Event "V Festival A"]
[Site "Robecchetto con Induno ITA"]
[Date "1993.12.??"]
[Round "4"]
[White "Giordani, Marco"]
[Black "Nurkic, Sahbaz"]
[WhiteElo "1947"]
[BlackElo "2395"]
[Result "0-1"]
[PlyCount "74"]
[EventDate "1993.12.26"]

1. e4 g6 2. d4 Bg7 3. f4 d5 4. e5 h5 5. Bd3 Nh6 6. Nf3 Bf5 7. Na3 e6 8. c3 Bf8
9. Nc2 Be7 10. Ne3 Nd7 11. b4 a5 12. b5 a4 13. Nxf5 Nxf5 14. Rb1 Nb6 15. Qe2 h4
16. Ng5 Qd7 17. O-O Kf8 18. Be3 Nc4 19. Bxc4 dxc4 20. Bf2 Bxg5 21. fxg5 Qd5 22.
Rb4 h3 23. Qf3 hxg2 24. Qxg2 Rh5 25. Qxd5 exd5 26. h4 Ke7 27. Kg2 Nxh4+ 28.
Bxh4 Rxh4 29. Rf3 Rh5 30. Rg3 a3 31. Kf3 Rh2 32. Rg2 Rah8 33. Ra4 R8h3+ 34. Rg3
Rxg3+ 35. Kxg3 Rxa2 36. Ra7 Ra1 37. Kg2 a2 0-1

[Event "V Festival A"]
[Site "Robecchetto con Induno ITA"]
[Date "1993.12.??"]
[Round "4"]
[White "Rizzuti, Pasquale"]
[Black "Bracaglia, Carlo"]
[WhiteElo "1882"]
[BlackElo "1902"]
[Result "0-1"]
[PlyCount "82"]
[EventDate "1993.12.26"]

1. b3 e5 2. c4 Nc6 3. Bb2 d6 4. e3 Nf6 5. a3 g6 6. Be2 Bg7 7. d3 O-O 8. Nd2 Ne8
9. h4 h6 10. g4 d5 11. Qc2 Be6 12. g5 h5 13. O-O-O Nd6 14. Ngf3 Qe7 15. d4 Bf5
16. e4 dxe4 17. dxe5 exf3 18. Bd3 Bxd3 19. Qxd3 Nxe5 20. Qc2 Rfe8 21. Rhe1 Qf8
22. Kb1 Ng4 23. Nxf3 Rxe1 24. Rxe1 Re8 25. Rd1 Bxb2 26. Qxb2 Qg7 27. Qc2 Ne4
28. Rd3 Nexf2 29. Rd7 Ne4 30. Rd3 Nc5 31. Rc3 a5 32. b4 Ne4 33. Rb3 axb4 34.
axb4 Ra8 35. Rb2 Nc3+ 36. Kc1 Ra1+ 37. Kd2 Rd1+ 38. Qxd1 Nxd1 39. Rc2 Nge3 40.
Ra2 Qc3+ 41. Ke2 Qxc4+ 0-1

[Event "V Festival A"]
[Site "Robecchetto con Induno ITA"]
[Date "1993.12.??"]
[Round "5"]
[White "Cazzaniga, Walter"]
[Black "Braunberger, Federico"]
[WhiteElo "2013"]
[BlackElo "2028"]
[Result "1/2-1/2"]
[PlyCount "68"]
[EventDate "1993.12.26"]

1. d4 Nf6 2. c4 b6 3. Nf3 e6 4. g3 Bb7 5. Bg2 Be7 6. O-O O-O 7. d5 exd5 8. Nh4
c6 9. cxd5 Nxd5 10. Nf5 Nc7 11. e4 Ne6 12. Nc3 Na6 13. f4 f6 14. Nd6 Bxd6 15.
Qxd6 Qc7 16. Qd1 Rae8 17. f5 Ng5 18. Bf4 Qd8 19. Bd6 Nf7 20. Bxf8 Rxf8 21. Re1
b5 22. a3 Ne5 23. Qb3+ Kh8 24. Rad1 Qb6+ 25. Kh1 Ng4 26. h3 Nf2+ 27. Kh2 Nxd1
28. Rxd1 Qc7 29. Rd2 Bc8 30. a4 b4 31. Ne2 Qb6 32. Nf4 Qc5 33. Qd1 Kg8 34. Qb3+
Kh8 1/2-1/2

[Event "V Festival A"]
[Site "Robecchetto con Induno ITA"]
[Date "1993.12.??"]
[Round "5"]
[White "Nurkic, Sahbaz"]
[Black "Bracaglia, Carlo"]
[WhiteElo "2395"]
[BlackElo "1902"]
[Result "1-0"]
[PlyCount "97"]
[EventDate "1993.12.26"]

1. e4 e5 2. Nf3 d6 3. d4 exd4 4. Qxd4 c5 5. Bb5+ Bd7 6. Bxd7+ Qxd7 7. Qd3 Nc6
8. O-O O-O-O 9. Nc3 Nf6 10. Bg5 Be7 11. Rad1 h6 12. Bxf6 Bxf6 13. Nd5 Qg4 14.
a3 Rhe8 15. Rfe1 Ne5 16. Nxe5 Bxe5 17. b4 Kb8 18. Rb1 c4 19. Qxc4 Rc8 20. Qd3
Re6 21. c4 Rg6 22. g3 h5 23. Ne7 h4 24. Nxg6 fxg6 25. c5 Rf8 26. cxd6 hxg3 27.
hxg3 Rh8 28. d7 Bf6 29. Rbd1 Qh3 30. d8=Q+ Rxd8 31. Qxd8+ Bxd8 32. Rxd8+ Kc7
33. Rdd1 Qe6 34. e5 g5 35. Rd6 Qe7 36. b5 g4 37. Re3 Qe8 38. a4 Qe7 39. a5 b6
40. a6 g5 41. Kg2 Qe8 42. Rc3+ Kb8 43. e6 Qe7 44. Rcd3 Kc8 45. Rc6+ Kb8 46. Rd7
Qe8 47. Rb7+ Ka8 48. Rbc7 Kb8 49. e7 1-0

[Event "V Festival A"]
[Site "Robecchetto con Induno ITA"]
[Date "1993.12.??"]
[Round "5"]
[White "Piotti, Andrea"]
[Black "Duarte, Riccardo"]
[WhiteElo "1911"]
[BlackElo "1882"]
[Result "1-0"]
[PlyCount "67"]
[EventDate "1993.12.26"]

1. d4 d5 2. c4 e6 3. Nf3 c6 4. Nc3 Be7 5. e4 dxe4 6. Nxe4 Nf6 7. Nxf6+ Bxf6 8.
Be2 Nd7 9. O-O Nf8 10. Be3 Ng6 11. Qc2 O-O 12. Rfd1 Qe7 13. Rab1 b6 14. b4 Bb7
15. c5 Rad8 16. Nd2 e5 17. dxe5 Bxe5 18. Nc4 b5 19. Nxe5 Nxe5 20. Bf4 Bc8 21.
Bf1 Qf6 22. Bxe5 Qxe5 23. Rxd8 Rxd8 24. Rd1 Qe7 25. Qe4 Be6 26. Rxd8+ Qxd8 27.
Qxc6 Bc4 28. g3 g6 29. Bxc4 bxc4 30. Qf3 Kf8 31. c6 Qd6 32. Qe4 c3 33. Qc4 Qd1+
34. Kg2 1-0

[Event "V Festival A"]
[Site "Robecchetto con Induno ITA"]
[Date "1993.12.??"]
[Round "5"]
[White "Rizzuti, Pasquale"]
[Black "Giordani, Marco"]
[WhiteElo "1882"]
[BlackElo "1947"]
[Result "1/2-1/2"]
[PlyCount "141"]
[EventDate "1993.12.26"]

1. b3 e5 2. Bb2 Nc6 3. c4 Nf6 4. g3 d5 5. cxd5 Nxd5 6. Bg2 Be6 7. Nc3 Be7 8. d3
O-O 9. Nf3 f5 10. O-O Bf6 11. Nxd5 Bxd5 12. Rc1 a5 13. Qc2 Qd7 14. e4 Be6 15.
Rfd1 Rac8 16. Qc5 Qd6 17. Ba3 Rfd8 18. exf5 Qxc5 19. Rxc5 Bxf5 20. Ne1 Be7 21.
Rxc6 Bxa3 22. Rc2 e4 23. d4 c6 24. Re2 Re8 25. h3 Rcd8 26. Nc2 Bc5 27. Ne3 Bxd4
28. Rxd4 Rxd4 29. Nxf5 Rd5 30. Rxe4 Rd1+ 31. Kh2 Rxe4 32. Bxe4 Rd2 33. Kg2 Rxa2
34. Nd6 a4 35. Nxb7 a3 36. Bxc6 Rb2 37. Bd5+ Kf8 38. b4 Rxb4 39. Nc5 Rb2 40.
Na4 a2 41. Bxa2 Rxa2 42. Nc3 Rc2 43. Nd5 Kf7 44. g4 g6 45. Kg3 Ke6 46. Ne3 Rc3
47. Kf4 Rc1 48. Kg5 Kf7 49. Kf4 h6 50. h4 Rh1 51. Kg3 Kf6 52. Ng2 Ke5 53. g5 h5
54. f3 Kf5 55. Ne3+ Ke5 56. Ng2 Rb1 57. Nf4 Rg1+ 58. Ng2 Rb1 59. Nf4 Kf5 60.
Nd5 Re1 61. Nf4 Re5 62. Ng2 Rb5 63. Ne3+ Ke5 64. Ng2 Kd4 65. Kf2 Rf5 66. Ke2
Ra5 67. Kf2 Ra6 68. Kg3 Kd3 69. Nf4+ Ke3 70. Ng2+ Ke2 71. Nf4+ 1/2-1/2

[Event "V Festival A"]
[Site "Robecchetto con Induno ITA"]
[Date "1993.12.??"]
[Round "5"]
[White "Rossi, Giampiero"]
[Black "Gazzarri, Alberto"]
[WhiteElo "2205"]
[BlackElo "1984"]
[Result "0-1"]
[PlyCount "58"]
[EventDate "1993.12.26"]

1. d4 d5 2. c4 c6 3. cxd5 cxd5 4. Nc3 Nf6 5. Nf3 Nc6 6. Bf4 Bf5 7. e3 e6 8. Qb3
Bb4 9. Bb5 O-O 10. O-O Bxc3 11. Qxc3 Ne4 12. Qa3 f6 13. Rfc1 Qb6 14. Bxc6 bxc6
15. b3 g5 16. Bd6 Rf7 17. Bc5 Qc7 18. Ne1 g4 19. Qa6 h5 20. Ba3 Rc8 21. Nd3 Kh7
22. Nf4 Kh6 23. Ne2 h4 24. Nc3 g3 25. hxg3 Nxf2 26. Bd6 Qxd6 27. Qxc8 Qxg3 28.
Qh8+ Bh7 29. Kf1 Rg7 0-1

[Event "V Festival A"]
[Site "Robecchetto con Induno ITA"]
[Date "1993.12.??"]
[Round "5"]
[White "Salami, Marco"]
[Black "Barlocco, Carlo"]
[WhiteElo "2046"]
[BlackElo "2290"]
[Result "1/2-1/2"]
[PlyCount "124"]
[EventDate "1993.12.26"]

1. e4 e5 2. f4 Bc5 3. Nf3 d6 4. Nc3 Nc6 5. Bc4 Nf6 6. d3 Bg4 7. Na4 Bb6 8. Nxb6
axb6 9. Bb5 O-O 10. Bxc6 bxc6 11. h3 Bxf3 12. Qxf3 Nd7 13. f5 d5 14. O-O dxe4
15. dxe4 Qe7 16. Be3 Qb4 17. Qg3 Kh8 18. Qh4 f6 19. a3 Qc4 20. Rfe1 Rfd8 21.
Qf2 c5 22. b3 Qa6 23. a4 Nb8 24. Rad1 Nc6 25. c3 c4 26. Rxd8+ Nxd8 27. bxc4
Qxc4 28. Qd2 Nf7 29. Qd7 Rd8 30. Qe7 Kg8 31. Qb4 Nd6 32. Bf2 Ra8 33. Qxc4+ Nxc4
34. Rd1 Nd6 35. Bxb6 Nxe4 36. Bxc7 Nxc3 37. Rd7 Nxa4 38. Bd6 Nb6 39. Rb7 Nc4
40. Bb4 h5 41. Kf2 Kh7 42. g4 Ra2+ 43. Kg3 Rb2 44. g5 Nd6 45. gxf6 Nxf5+ 46.
Kf3 Rxb4 47. Rxb4 gxf6 48. Ke4 Kg6 49. Rb1 h4 50. Kf3 Kg5 51. Rb8 Nd4+ 52. Kg2
Kf4 53. Rb4 Ke3 54. Ra4 f5 55. Ra3+ Ke4 56. Kf2 f4 57. Ra8 Nf5 58. Ra4+ Kd5 59.
Ra5+ Ke6 60. Kf3 Nd4+ 61. Ke4 Nc6 62. Ra6 Kd6 1/2-1/2

[Event "V Festival A"]
[Site "Robecchetto con Induno ITA"]
[Date "1993.12.??"]
[Round "5"]
[White "Temi, Walter"]
[Black "Gandolfo, Marco"]
[WhiteElo "1993"]
[BlackElo "1991"]
[Result "1-0"]
[PlyCount "95"]
[EventDate "1993.12.26"]

1. e4 g6 2. d4 Bg7 3. Nf3 c6 4. Nc3 d5 5. Bd3 dxe4 6. Nxe4 Nf6 7. Nxf6+ exf6 8.
Qe2+ Be6 9. Bc4 Qe7 10. O-O O-O 11. Re1 Re8 12. Bd2 Nd7 13. Rad1 Nb6 14. Bxe6
fxe6 15. Qd3 Rad8 16. Qb3 Qd7 17. c4 Nc8 18. Re2 Kf7 19. Rde1 b6 20. Bc3 Bf8
21. Qc2 Nd6 22. b3 Nb7 23. Qb2 Bg7 24. Qc2 a6 25. Qb2 b5 26. d5 exd5 27. Ng5+
Kg8 28. Ne6 d4 29. Nxd8 Rxe2 30. Qxe2 Qxd8 31. Qe6+ Kf8 32. Bxd4 c5 33. Qxa6
cxd4 34. Qxb7 d3 35. Qd5 Qxd5 36. cxd5 d2 37. Rd1 Bh6 38. g3 Ke7 39. f4 g5 40.
Rxd2 gxf4 41. Re2+ Kd7 42. Re6 fxg3 43. Rxf6 gxh2+ 44. Kxh2 Be3 45. a4 b4 46.
Kh3 h5 47. Kh4 Bd4 48. Rc6 1-0

[Event "V Festival A"]
[Site "Robecchetto con Induno ITA"]
[Date "1993.12.??"]
[Round "6"]
[White "Barlocco, Carlo"]
[Black "Giordani, Marco"]
[WhiteElo "2290"]
[BlackElo "1947"]
[Result "1-0"]
[PlyCount "59"]
[EventDate "1993.12.26"]

1. d4 Nf6 2. c4 e6 3. Nc3 Bb4 4. Qc2 c5 5. e3 Nc6 6. Nf3 O-O 7. Be2 d5 8. a3
Bxc3+ 9. bxc3 Re8 10. O-O b6 11. cxd5 exd5 12. Bb5 Qc7 13. c4 a6 14. Bxc6 Qxc6
15. Bb2 cxd4 16. Nxd4 Qxc4 17. Qd2 Ne4 18. Qd1 Nc5 19. Rc1 Qd3 20. Qf3 Qe4 21.
Qe2 a5 22. Qh5 Re5 23. Qf3 Ba6 24. Rfd1 Bc4 25. Qg3 Nd3 26. Rxd3 Bxd3 27. Nf3
f6 28. Nxe5 fxe5 29. Rc7 g6 30. Qh3 1-0

[Event "V Festival A"]
[Site "Robecchetto con Induno ITA"]
[Date "1993.12.??"]
[Round "6"]
[White "Bracaglia, Carlo"]
[Black "Temi, Walter"]
[WhiteElo "1902"]
[BlackElo "1993"]
[Result "1-0"]
[PlyCount "63"]
[EventDate "1993.12.26"]

1. d4 Nf6 2. Bg5 Ne4 3. Bf4 d5 4. f3 Nf6 5. e4 dxe4 6. Nc3 Nc6 7. Bb5 exf3 8.
Nxf3 e6 9. O-O Be7 10. Qe2 O-O 11. Rad1 Nb4 12. Ne5 Nbd5 13. Bc1 c6 14. Bd3 c5
15. Rf3 Nxc3 16. bxc3 Bd7 17. Rg3 cxd4 18. Bh6 Ne8 19. Bxg7 Nxg7 20. Qg4 Bg5
21. Nxd7 Qxd7 22. Qxg5 f5 23. Bc4 Rae8 24. Rxd4 Qf7 25. Rh4 Qf6 26. Qh5 h6 27.
Rg6 Qxc3 28. Qxh6 Kf7 29. Rh3 Qd4+ 30. Re3 f4 31. Rxg7+ Qxg7 32. Bxe6+ 1-0

[Event "V Festival A"]
[Site "Robecchetto con Induno ITA"]
[Date "1993.12.??"]
[Round "6"]
[White "Braunberger, Federico"]
[Black "Nurkic, Sahbaz"]
[WhiteElo "2028"]
[BlackElo "2395"]
[Result "0-1"]
[PlyCount "84"]
[EventDate "1993.12.26"]

1. Nf3 Nf6 2. c4 g6 3. g3 Bg7 4. Bg2 O-O 5. O-O d6 6. d4 Nc6 7. Nc3 e5 8. d5
Ne7 9. e4 h6 10. Rb1 Nd7 11. Ne1 f5 12. exf5 gxf5 13. f4 exf4 14. Bxf4 Ng6 15.
Ne2 Nde5 16. b3 Bd7 17. Nc2 Qf6 18. Qd2 Kh7 19. Rbe1 a5 20. a4 b6 21. Ned4 Rae8
22. Bh3 Nxf4 23. Qxf4 Nd3 24. Bxf5+ Bxf5 25. Rxe8 Nxf4 26. Rxf8 Qxf8 27. Rxf4
Bxc2 28. Rxf8 Bxd4+ 29. Kg2 Bxb3 30. Rf7+ Kg6 31. Rxc7 Bc5 32. Kf3 Bxc4 33. Ke4
Bb3 34. Re7 Bc2+ 35. Kf4 Bxa4 36. g4 Bb3 37. h4 a4 38. h5+ Kf6 39. Rh7 a3 40.
Rxh6+ Kg7 41. Re6 a2 42. Re7+ Kf8 0-1

[Event "V Festival A"]
[Site "Robecchetto con Induno ITA"]
[Date "1993.12.??"]
[Round "6"]
[White "Gandolfo, Marco"]
[Black "Duarte, Riccardo"]
[WhiteElo "1991"]
[BlackElo "1882"]
[Result "1-0"]
[PlyCount "79"]
[EventDate "1993.12.26"]

1. d4 d5 2. Nf3 c6 3. c3 e6 4. Bf4 Nf6 5. Nbd2 Be7 6. e3 O-O 7. Bd3 Nbd7 8. Bg5
c5 9. O-O h6 10. Bh4 Qb6 11. Rb1 c4 12. Bc2 Qc7 13. Qe2 b5 14. e4 dxe4 15. Nxe4
Bb7 16. Nxf6+ Nxf6 17. Ne5 Nd5 18. Bg3 Bd6 19. Rbd1 Rae8 20. f4 f5 21. Bh4 Bxe5
22. dxe5 a5 23. Rd4 Rc8 24. Rb1 b4 25. Be1 Qc5 26. Qf2 Rfd8 27. Rbd1 Rf8 28.
Qd2 Qc6 29. Qe2 Qb6 30. Bf2 Qc6 31. Be1 Qb5 32. Kh1 Qc6 33. h3 Rf7 34. Kh2 g5
35. fxg5 hxg5 36. Qf3 Qc7 37. Qg3 f4 38. Qg4 Ne3 39. Qxg5+ Rg7 40. Rd8+ 1-0

[Event "V Festival A"]
[Site "Robecchetto con Induno ITA"]
[Date "1993.12.??"]
[Round "6"]
[White "Gazzarri, Alberto"]
[Black "Piotti, Andrea"]
[WhiteElo "1984"]
[BlackElo "1911"]
[Result "1-0"]
[PlyCount "110"]
[EventDate "1993.12.26"]

1. e4 e5 2. Nf3 Nf6 3. Nc3 Nc6 4. Bb5 Bb4 5. O-O O-O 6. d3 d6 7. Bg5 Bxc3 8.
bxc3 Qe7 9. h3 Nd8 10. Bc4 Ne6 11. Bxe6 Bxe6 12. c4 h6 13. Bh4 Bd7 14. Qd2 Qe6
15. Bxf6 Qxf6 16. Qe3 Qg6 17. Nh4 Qh5 18. Qg3 g5 19. Nf5 Bxf5 20. exf5 Kh7 21.
f3 f6 22. a4 Qf7 23. Rab1 b6 24. Kf2 Qd7 25. Qg4 a5 26. Rb5 Rae8 27. Qe4 Re7
28. h4 Rg7 29. Rh1 Rfg8 30. g4 Rh8 31. hxg5 Rxg5 32. Qb7 Rg7 33. Rbb1 Rf7 34.
Rb5 Kg7 35. Qe4 Kf8 36. Rh5 Rg7 37. c3 Rg5 38. Rh4 Qf7 39. Qc6 Kg7 40. Rb1 Rh7
41. Rbh1 Qe7 42. Re1 Kh8 43. d4 Qf7 44. Reh1 Kg7 45. Re1 Kh8 46. dxe5 fxe5 47.
f4 Rg8 48. fxe5 Qe7 49. f6 Qe6 50. Qe4 Rg5 51. Qf3 dxe5 52. Rxh6 Qxg4 53. Rxh7+
Kxh7 54. Qxg4 Rxg4 55. Kf3 Rf4+ 1-0

[Event "V Festival A"]
[Site "Robecchetto con Induno ITA"]
[Date "1993.12.??"]
[Round "6"]
[White "Rossi, Giampiero"]
[Black "Rizzuti, Pasquale"]
[WhiteElo "2205"]
[BlackElo "1882"]
[Result "1-0"]
[PlyCount "92"]
[EventDate "1993.12.26"]

1. d4 Nf6 2. c4 g6 3. g3 Bg7 4. Bg2 c5 5. Nf3 cxd4 6. Nxd4 Nc6 7. O-O O-O 8.
Nc3 Nxd4 9. Qxd4 d6 10. Qd2 Rb8 11. b3 a6 12. Bb2 Qa5 13. Rfd1 Kh8 14. Nd5 Qxd2
15. Rxd2 Nxd5 16. Bxg7+ Kxg7 17. Rxd5 Bd7 18. Rd2 Bc6 19. e4 a5 20. Re1 b5 21.
e5 Bxg2 22. Kxg2 dxe5 23. Rxe5 bxc4 24. bxc4 a4 25. Rxe7 a3 26. Rd3 Rb4 27. Rc3
Rd8 28. c5 Rd2 29. Rxa3 Rbb2 30. Rf3 Rxa2 31. Rfxf7+ Kg8 32. Rg7+ Kh8 33. Rxh7+
Kg8 34. Rhg7+ Kh8 35. Rgf7 Kg8 36. c6 Rdc2 37. c7 Rc1 38. Rg7+ Kh8 39. Rxg6
Rxf2+ 40. Kxf2 Rf1+ 41. Ke3 Re1+ 42. Kd4 Rd1+ 43. Ke5 Rd5+ 44. Kf6 Rf5+ 45. Ke6
Re5+ 46. Kf7 Kh7 1-0

[Event "V Festival A"]
[Site "Robecchetto con Induno ITA"]
[Date "1993.12.??"]
[Round "6"]
[White "Salami, Marco"]
[Black "Cazzaniga, Walter"]
[WhiteElo "2046"]
[BlackElo "2013"]
[Result "1/2-1/2"]
[PlyCount "69"]
[EventDate "1993.12.26"]

1. e4 e6 2. d4 d5 3. Nd2 Nc6 4. c3 e5 5. dxe5 dxe4 6. Qa4 e3 7. fxe3 Bd7 8.
Ngf3 f6 9. e6 Bxe6 10. Qe4 Qe7 11. Bb5 Bd7 12. O-O Qxe4 13. Nxe4 Nh6 14. Nd4
Ne5 15. Bxd7+ Nxd7 16. Ne6 Rc8 17. b3 Kf7 18. N4g5+ Ke7 19. Ba3+ c5 20. Nxf8
fxg5 21. Nxd7 Kxd7 22. c4 Rhe8 23. Rad1+ Kc6 24. Rd5 b6 25. Rxg5 g6 26. Rd5 Nf5
27. Bc1 b5 28. g4 bxc4 29. bxc4 Nxe3 30. Rf6+ Kb7 31. Rf7+ Kb6 32. Rd6+ Rc6 33.
Rd3 Nxc4 34. Rb3+ Ka6 35. Rc3 1/2-1/2

[Event "V Festival A"]
[Site "Robecchetto con Induno ITA"]
[Date "1993.12.??"]
[Round "7"]
[White "Bracaglia, Carlo"]
[Black "Salami, Marco"]
[WhiteElo "1902"]
[BlackElo "2046"]
[Result "1/2-1/2"]
[PlyCount "99"]
[EventDate "1993.12.26"]

1. e4 e6 2. d4 d5 3. e5 c5 4. c3 Nc6 5. Nf3 Qb6 6. Bd3 Bd7 7. dxc5 Bxc5 8. O-O
a5 9. a4 Nge7 10. Na3 Ng6 11. Qe2 Na7 12. Nb5 Nxb5 13. axb5 Rc8 14. h4 f6 15.
exf6 gxf6 16. Re1 Ne7 17. Bf4 Ng6 18. Bh6 Bf8 19. Bxf8 Nf4 20. Qe3 Qxe3 21.
Rxe3 Kxf8 22. Rxa5 e5 23. Bf1 Rg8 24. Kh2 Be8 25. g3 Ng6 26. Ra7 Rg7 27. Re1
Rb8 28. Rd1 Ne7 29. Rda1 Nc8 30. R7a5 Nb6 31. Nd2 Rc7 32. Rd1 Rd8 33. Nb3 Bf7
34. Ra7 Rb8 35. Bg2 Be8 36. Bxd5 Nxd5 37. Rxd5 Bf7 38. Rc5 Rd7 39. Na5 Rd2 40.
Rxb7 Rbd8 41. Rxf7+ Kxf7 42. Rc7+ Kg6 43. Nc4 Rxf2+ 44. Kg1 Rc2 45. Ne3 Re2 46.
h5+ Kxh5 47. Nf1 Rxb2 48. c4 Kg6 49. Rc6 Rd1 50. b6 1/2-1/2

[Event "V Festival A"]
[Site "Robecchetto con Induno ITA"]
[Date "1993.12.??"]
[Round "7"]
[White "Cazzaniga, Walter"]
[Black "Rizzuti, Pasquale"]
[WhiteElo "2013"]
[BlackElo "1882"]
[Result "1-0"]
[PlyCount "80"]
[EventDate "1993.12.26"]

1. e4 c5 2. Nf3 d6 3. d4 cxd4 4. Nxd4 Nf6 5. Nc3 a6 6. f4 Qc7 7. Bd3 e6 8. O-O
Nbd7 9. Kh1 Be7 10. a4 b6 11. Qf3 Bb7 12. Be3 Nc5 13. Rae1 h5 14. Bd2 O-O-O 15.
b4 Nxd3 16. cxd3 Kb8 17. Rc1 Qd7 18. b5 Rc8 19. bxa6 Bxa6 20. Rb1 Kc7 21. a5
bxa5 22. Nd5+ Kd8 23. Bxa5+ Ke8 24. Nb6 Qa7 25. Nxc8 Qxd4 26. Rb8 Ng4 27. Bb6
Qxd3 28. Qxd3 Bxd3 29. Na7+ Bd8 30. Rxd8+ Ke7 31. Nc6+ Kf6 32. e5+ dxe5 33.
fxe5+ Kg6 34. Rxd3 Ra8 35. h3 Nh6 36. Ne7+ Kh7 37. Be3 h4 38. Bxh6 gxh6 39.
Rxf7+ Kh8 40. Rd7 Rg8 1-0

[Event "V Festival A"]
[Site "Robecchetto con Induno ITA"]
[Date "1993.12.??"]
[Round "7"]
[White "Duarte, Riccardo"]
[Black "Braunberger, Federico"]
[WhiteElo "1882"]
[BlackElo "2028"]
[Result "0-1"]
[PlyCount "88"]
[EventDate "1993.12.26"]

1. e4 e6 2. d4 d5 3. e5 b6 4. Be3 Ne7 5. Bd3 Ba6 6. Bxa6 Nxa6 7. c3 Nb8 8. Ne2
Nd7 9. Ng3 c5 10. dxc5 bxc5 11. f4 Nc6 12. O-O g6 13. Na3 Be7 14. Nc2 O-O 15.
Nh1 Rb8 16. b3 f5 17. Nf2 Qe8 18. g4 Kh8 19. Qf3 g5 20. Qg3 gxf4 21. Bxf4 fxg4
22. Kh1 Qg6 23. Ne3 h5 24. h3 d4 25. cxd4 Nxd4 26. Rae1 Nf3 27. Ng2 Nxe1 28.
Rxe1 Rf7 29. hxg4 hxg4 30. Kg1 Rg8 31. Ne3 Qh5 32. Kg2 Rh7 33. Rh1 Bh4 34. Rxh4
Qxh4 35. Qxh4 Rxh4 36. Kg3 Rh5 37. Nc4 Nb6 38. Nd6 Nd5 39. Bc1 Kh7 40. Bb2 Ne3
41. Nfe4 Nd5 42. Nxc5 Rf8 43. Bd4 Rf3+ 44. Kg2 Nf4+ 0-1

[Event "V Festival A"]
[Site "Robecchetto con Induno ITA"]
[Date "1993.12.??"]
[Round "7"]
[White "Giordani, Marco"]
[Black "Gazzarri, Alberto"]
[WhiteElo "1947"]
[BlackElo "1984"]
[Result "1/2-1/2"]
[PlyCount "81"]
[EventDate "1993.12.26"]

1. e4 e5 2. f4 exf4 3. Nf3 Be7 4. Bc4 Nf6 5. Nc3 Nxe4 6. Bxf7+ Kxf7 7. Nxe4 d5
8. Nf2 Rf8 9. d4 Kg8 10. Nd3 Bh4+ 11. Kf1 Bg4 12. Bxf4 Nc6 13. c3 Bg5 14. g3
Qd7 15. Kg2 Bh3+ 16. Kf2 h6 17. Qd2 Qg4 18. Rhg1 Qh5 19. Rae1 Bg4 20. Nde5 Nxe5
21. Nxe5 Qxh2+ 22. Rg2 Qh5 23. Kg1 Bxf4 24. gxf4 Bh3 25. Rg3 Bf5 26. Qg2 Be4
27. Rxg7+ Kh8 28. Qg4 Qxg4+ 29. Rxg4 Rg8 30. Kf2 Rxg4 31. Nxg4 Rg8 32. Rg1 Rg6
33. Ne3 Rf6 34. f5 c6 35. Rg4 Kh7 36. Rf4 h5 37. Rh4 Bxf5 38. Rxh5+ Kg6 39.
Rxf5 Rxf5+ 40. Nxf5 Kxf5 41. Kf3 1/2-1/2

[Event "V Festival A"]
[Site "Robecchetto con Induno ITA"]
[Date "1993.12.??"]
[Round "7"]
[White "Nurkic, Sahbaz"]
[Black "Gandolfo, Marco"]
[WhiteElo "2395"]
[BlackElo "1991"]
[Result "1-0"]
[PlyCount "111"]
[EventDate "1993.12.26"]

1. e4 c5 2. Nf3 d6 3. Bb5+ Bd7 4. a4 Nc6 5. O-O Nf6 6. Re1 e6 7. c3 Be7 8. d4
cxd4 9. cxd4 O-O 10. Nc3 a6 11. Bf1 h6 12. e5 Nd5 13. Nxd5 exd5 14. Bd3 Rc8 15.
Bb1 Nb4 16. Bd2 dxe5 17. Nxe5 Be6 18. Ra3 a5 19. Bxh6 Bg5 20. Bxg5 Qxg5 21. Rg3
Qh6 22. h3 Rc7 23. Kh2 Rfc8 24. Nd3 Nc6 25. Nc5 Nxd4 26. Nxe6 Nxe6 27. Qxd5 Rc1
28. Rxc1 Qxc1 29. Qxb7 Qc7 30. Qe4 Rd8 31. Qh7+ Kf8 32. Bf5 Qe5 33. Bxe6 fxe6
34. Qh4 Rd7 35. f4 Qf6 36. Qh8+ Kf7 37. Qh5+ Kf8 38. Qxa5 Qxf4 39. Qc5+ Kf7 40.
a5 Rc7 41. Qh5+ Ke7 42. a6 Kd6 43. Qa5 Qd4 44. Qa3+ Qc5 45. Qxc5+ Rxc5 46. Ra3
Rc8 47. a7 Ra8 48. Kg3 e5 49. Kf3 Kd5 50. Ke3 Ke6 51. Ke4 Kf6 52. Ra6+ Kf7 53.
Kxe5 Re8+ 54. Kd5 Ra8 55. Kc5 g5 56. Kb6 1-0

[Event "V Festival A"]
[Site "Robecchetto con Induno ITA"]
[Date "1993.12.??"]
[Round "7"]
[White "Piotti, Andrea"]
[Black "Rossi, Giampiero"]
[WhiteElo "1911"]
[BlackElo "2205"]
[Result "0-1"]
[PlyCount "46"]
[EventDate "1993.12.26"]

1. d4 d5 2. c4 e6 3. Nf3 Nf6 4. Bg5 Nbd7 5. e3 c6 6. Nc3 Qa5 7. Qc2 Ne4 8. Bf4
Bb4 9. Rc1 Qxa2 10. cxd5 exd5 11. Bd3 Bxc3+ 12. bxc3 Qxc2 13. Rxc2 O-O 14. c4
Nef6 15. Bd6 Re8 16. O-O dxc4 17. Bxc4 Nb6 18. Ba2 Be6 19. Ne5 Bxa2 20. Rxa2
Ne4 21. Bb4 f6 22. Nd3 Nd5 23. Rb1 Nec3 0-1

[Event "V Festival A"]
[Site "Robecchetto con Induno ITA"]
[Date "1993.12.??"]
[Round "7"]
[White "Temi, Walter"]
[Black "Barlocco, Carlo"]
[WhiteElo "1993"]
[BlackElo "2290"]
[Result "0-1"]
[PlyCount "88"]
[EventDate "1993.12.26"]

1. e4 c5 2. Nf3 Nc6 3. Bc4 d6 4. d4 cxd4 5. Nxd4 Nf6 6. Nc3 Qb6 7. Nde2 a6 8.
O-O e6 9. Be3 Qc7 10. Bb3 b5 11. Nd4 Na5 12. Qe2 Bb7 13. Rfe1 Nxb3 14. cxb3
Nxe4 15. Nxe4 Bxe4 16. Rac1 Qd7 17. Bf4 Bd5 18. Rc3 Be7 19. Rec1 O-O 20. Rc7
Qd8 21. Nf5 Re8 22. Nxe7+ Rxe7 23. Qc2 e5 24. Bg3 f6 25. h3 Be6 26. Kh2 g5 27.
f3 d5 28. Rxe7 Qxe7 29. Qc7 Kf7 30. Qxe7+ Kxe7 31. Rc7+ Bd7 32. Rc5 Kd6 33. b4
Rc8 34. Kg1 Rxc5 35. bxc5+ Kxc5 36. Kf1 d4 37. Ke2 Be6 38. b3 Kb4 39. h4 h6 40.
hxg5 hxg5 41. Be1+ Ka3 42. Bd2 Kxa2 43. b4 Bc4+ 44. Kd1 Bf1 0-1

[Event "V Festival A"]
[Site "Robecchetto con Induno ITA"]
[Date "1993.12.??"]
[Round "8"]
[White "Braunberger, Federico"]
[Black "Barlocco, Carlo"]
[WhiteElo "2028"]
[BlackElo "2290"]
[Result "1-0"]
[PlyCount "95"]
[EventDate "1993.12.26"]

1. Nf3 d5 2. b3 Nf6 3. Bb2 e6 4. e3 Be7 5. Be2 O-O 6. O-O Nbd7 7. c4 c6 8. d4
b6 9. cxd5 exd5 10. Nc3 Bb7 11. Rc1 Re8 12. Bd3 Bd6 13. h3 Rc8 14. Ne2 Ne4 15.
Nd2 f5 16. f3 Nxd2 17. Qxd2 g6 18. e4 fxe4 19. fxe4 Qh4 20. e5 Be7 21. Qc2 Qh6
22. Rf3 Rf8 23. Rcf1 Rxf3 24. Rxf3 Rf8 25. Bc1 Bg5 26. Bxg5 Qxg5 27. Rg3 Qh5
28. Rg4 Kf7 29. Qd2 Kg7 30. Nf4 Rxf4 31. Qxf4 Qh6 32. Qxh6+ Kxh6 33. e6 Nf6 34.
e7 Bc8 35. Rf4 Ne8 36. Rf8 Bd7 37. Kf2 Kg7 38. Ke3 b5 39. Be2 Nf6 40. g4 h6 41.
Ra8 Kf7 42. Rxa7 Kxe7 43. Bd3 Kd6 44. Bxg6 c5 45. Ra6+ Bc6 46. dxc5+ Kxc5 47.
b4+ Kd6 48. a4 1-0

[Event "V Festival A"]
[Site "Robecchetto con Induno ITA"]
[Date "1993.12.??"]
[Round "8"]
[White "Gandolfo, Marco"]
[Black "Piotti, Andrea"]
[WhiteElo "1991"]
[BlackElo "1911"]
[Result "1-0"]
[PlyCount "68"]
[EventDate "1993.12.26"]

1. d4 d5 2. Nf3 Nf6 3. Bg5 h6 4. Bxf6 exf6 5. e3 c5 6. c3 Nc6 7. Bd3 Bd6 8.
dxc5 Bxc5 9. Nbd2 O-O 10. h3 Re8 11. O-O Ne5 12. Be2 Be6 13. Nb3 Bb6 14. Nbd4
a6 15. Re1 Qd6 16. Qc2 Bc7 17. Rad1 Rac8 18. Qd3 Rb8 19. Qc2 Rbc8 20. Nf5 Nxf3+
21. Bxf3 Qe5 22. Nd4 f5 23. g3 h5 24. h4 g6 25. Ne2 Red8 26. Nf4 b5 27. a3 Rd7
28. Qe2 Rb8 29. Rd2 a5 30. Red1 b4 31. axb4 axb4 32. cxb4 Rxb4 33. Nd3 Qd6 34.
Nxb4 Qxb4 1-0